| 000 | 01136nam a22002537a 4500 | ||
|---|---|---|---|
| 003 | OSt | ||
| 005 | 20250927160230.0 | ||
| 008 | 240315b ||||| |||| 00| 0 eng d | ||
| 040 | _c0 | ||
| 082 | _aDPer 621.381 In821 August 2022 v. 37 n. 8 | ||
| 100 |
_aBaburajan, Silpa. _eauthor. _954878 |
||
| 245 |
_aDesign of common DC-link capacitor in multiple-drive system based on reduced DC-link current harmonics modulation / _cSilpa Baburajan, Haoran Wang, Fabio Mandrile, Bo Yao, Qian Wang, Dinesh Kumar, and Frede Blaabjerg. |
||
| 260 |
_aNew York ; _bThe Institute of Electrical and Electronics Engineers, Inc. , _cAugust 2022. |
||
| 300 |
_aVolume 37, pages 9703-9717 : _billustration ; _c28 cm. |
||
| 500 | _aIEEE Transitions on Power Electronics, v. 37 n. 8, pages 9703-9717, August 2022. | ||
| 700 |
_aBaburajan, Silpa. _eauthor. _954878 |
||
| 700 |
_aWang, Haoran. _eauthor. _954879 |
||
| 700 |
_aMandrile, Fabio. _eauthor. _954880 |
||
| 700 |
_aYao, Bo. _eauthor. _954881 |
||
| 700 |
_aWang, Qian. _eauthor. _954882 |
||
| 700 |
_aKumar, Dinesh. _eauthor. _954883 |
||
| 700 |
_aBlaabjerg, Frede. _eauthor. _954884 |
||
| 942 |
_2ddc _cPER |
||
| 999 |
_c19727 _d19727 |
||